[Event "Porto Alegre Oncolinos op"]
[Site "Porto Alegre"]
[Date "2013.11.17"]
[Round "6"]
[White "Koch, Crystian"]
[Black "Pereira, Armando Scharlau"]
[Result "1-0"]
[WhiteElo "1800"]
[BlackElo "1736"]
[PlyCount "49"]
[EventDate "2013.11.14"]
[EventType "swiss"]
[EventRounds "7"]
[EventCountry "BRA"]
[SourceTitle "EXT 2015"]
[Source "ChessBase"]
[SourceDate "2014.11.20"]
[SourceVersion "1"]
[SourceVersionDate "2014.11.20"]
[SourceQuality "1"]

1. e4 e6 2. d4 d5 3. exd5 exd5 4. c4 Nf6 5. Nc3 Be7 6. Nf3 0-0 7. Be2 b6 8. 0-0 Bb7 9. Bf4 a6 10. b3 Nbd7 11. Ne5 dxc4 12. bxc4 Re8 13. c5 Nd5 14. Qb3 Nxe5 15. Bxe5 b5 16. a4 c6 17. Nxd5 Qxd5 18. Qxd5 cxd5 19. axb5 Bxc5 20. bxa6 Bc8 21. Bb5 Re6 22. dxc5 Rxe5 23. Rfe1 f6 24. Rxe5 fxe5 25. a7 1-0

[Event "Porto Alegre Oncolinos op"]
[Site "Porto Alegre"]
[Date "2013.11.14"]
[Round "1"]
[White "Koch, Crystian"]
[Black "Bueno, Jair Cardona"]
[Result "1/2-1/2"]
[WhiteElo "1800"]
[BlackElo "1918"]
[PlyCount "112"]
[EventDate "2013.11.14"]
[EventType "swiss"]
[EventRounds "7"]
[EventCountry "BRA"]
[SourceTitle "EXT 2015"]
[Source "ChessBase"]
[SourceDate "2014.11.20"]
[SourceVersion "1"]
[SourceVersionDate "2014.11.20"]
[SourceQuality "1"]

1. e4 e5 2. Nf3 Nc6 3. Bb5 Nf6 4. d3 d6 5. c3 Bd7 6. Be3 a6 7. Ba4 g6 8. 0-0 Bg7 9. Nbd2 0-0 10. Rc1 b5 11. Bc2 Ne7 12. d4 Ng4 13. h3 Nxe3 14. fxe3 c5 15. b3 Ra7 16. Qe2 Qa5 17. Qd3 cxd4 18. exd4 Rc7 19. c4 Be6 20. d5 Bd7 21. a3 Bh6 22. b4 Qb6+ 23. c5 dxc5 24. Kh1 c4 25. Qe2 Qd6 26. Rfd1 Ra8 27. Nxe5 Bxd2 28. Nxf7 Kxf7 29. Rxd2 Qe5 30. Rf1+ Kg7 31. d6 Rcc8 32. dxe7 Qxe7 33. Rfd1 Be6 34. e5 a5 35. Rd6 axb4 36. axb4 Rd8 37. Qf3 Rac8 38. Rxd8 Rxd8 39. Rxd8 Qxd8 40. Qb7+ Qd7 41. Qxd7+ Bxd7 42. Kg1 Kf7 43. Kf2 Ke6 44. Ke3 Kxe5 45. h4 Bf5 46. Bd1 c3 47. Be2 c2 48. Kd2 Kf4 49. Bxb5 Kg3 50. Bc6 Kxh4 51. b5 Kg3 52. b6 Bc8 53. Kxc2 h5 54. Kd2 h4 55. b7 Bxb7 56. Bxb7 h3 1/2-1/2